Historia política de Israel : desde los orígenes a Alejandro Magno / Henri Cazelles ; traducido por J. Luis Sierra (Registro nro. 44365)
[ vista simple ]
| 000 -LÍDER | |
|---|---|
| Campo fijo de descripción fija | 015590000a22001930004500 |
| 020 ## - NÚMERO INTERNACIONAL NORMALIZADO PARA LIBROS | |
| Número Internacional Normalizado del libro | 84-7057-355-1 |
| 082 04 - NÚMERO DE CLASIFICACIÓN DECIMAL DEWEY | |
| Número de clasificación | G 956.9401 C3863h |
| 001 - NÚMERO DE CONTROL | |
| Campo de control | 17870 |
| 100 1# - ASIENTO PRINCIPAL--NOMBRE PERSONAL | |
| Nombre personal | Cazelles, Henri |
| 245 10 - TÍTULO | |
| Título del Material | Historia política de Israel : desde los orígenes a Alejandro Magno / Henri Cazelles ; traducido por J. Luis Sierra |
| 260 ## - PUBLICACIÓN, DISTRIBUCIÓN, ETC. (PIE DE IMPRENTA) | |
| Lugar de publicación, distribución, etc. | Madrid : Cristiandad |
| 300 ## - DESCRIPCIÓN FÍSICA | |
| Extensión | 251 p. |
| 500 ## - NOTA GENERAL | |
| Nota General | Título original en Francés: Histoire politiquen d'Israël: des origines à Alexandre le Grand |
| 501 ## - NOTA DE “CON” | |
| Nota de Contenido | rústica |
| 505 00 - NOTA DE CONTENIDO | |
| Nota de contenido con formato preestablecido | Introducción: La historiografía de Israel -- Las fuentes -- El método y los métodos \I Parte: Antes de la monarquía de David: las tribus -- Los agrupamientos de tribus -- Hacia la independencia -- La vida de las tribuas\ II Parte: Ocupación y amenazas: El establecimiento de las tribus -- El Israel de la época de los Jueces\ III. Parte: La monarquía israelita unificada: El rey en el antiguo Oriente -- La monarquía de Saúl -- David (en torno al 1000 a.C.) -- Salomón (alrededor del 950 a.C.) -- La civilización salomónica\IV Parte: Las dos monarquías: Israel y Judá: El reino de Israel y la suerte de Judá -- La guerra siro-efaimita la caída de Samaría -- Ezequías de Judá y sus sucesores -- Josías -- Fin del reino davídico\V. Parte: De Nabucodonosor a Alejandro (587-332): bajo la dominación de Babilonia -- Sesbasar y Zorobabel -- Nehemías y Esdras |
| 650 14 - ASIENTO SECUNDARIO DE MATERIA - TERMINO TEMÁTICO | |
| Término temático o nombre geográfico como elemento de entrada | HISTORIA - ISRAEL (1000 - 485 a. C.) \ MONARQUIA - ISRAEL - JUDA |
| 942 ## - TIPO DE MATERIAL (KOHA) | |
| Tipo de Item KOHA | Libros General |
| Estado de Material | Estado de Perdido | Estado de Dañado | No para Préstamo | Colección | Tomo | Biblioteca de Origen | Biblioteca Permanente | Fecha de Adquisición | Total de Préstamos | Total de Renovaciones | Signatura Topográfica | Código de Barras | Última vez visto | Última vez Préstado | Ejemplar/Existencia | Fecha de Remplazo | Tipo de Material |
|---|---|---|---|---|---|---|---|---|---|---|---|---|---|---|---|---|---|
| Colección General | Biblioteca FUSBC | Biblioteca FUSBC | 31/01/2013 | 8 | 8 | G 956.9401 C3863h | 17844 | 07/06/2023 | 20/05/2023 | 1 | 26/01/2016 | Libros General |
